000 00309nam a22001337a 4500
008 170627b xxu||||| |||| 00| 0 eng d
020 _a9781555975791
041 _aeng
080 _a82
100 _a21
101 _aGJL
245 _aOTHERWISE KNOWN AS THE HUMAN CONDTION
_cGYER.G
942 _2udc
_cBK
999 _c19222
_d19222